Lecturas de contabildad gubernamental (Registro nro. 6269)
[ vista simple ]
| 000 -LEADER | |
|---|---|
| fixed length control field | 01589 a2200205 4500 |
| 001 - CONTROL NUMBER | |
| control field | 57757 |
| 005 - DATE AND TIME OF LATEST TRANSACTION | |
| control field | 20260407155837.0 |
| 008 - FIXED-LENGTH DATA ELEMENTS--GENERAL INFORMATION | |
| fixed length control field | 260407a2001 arg spa d |
| 003 - CONTROL NUMBER IDENTIFIER | |
| control field | AR-UNSa-BCEJYS |
| 040 ## - CATALOGING SOURCE | |
| Original cataloging agency | AR-UNSa-BCEJYS |
| Language of cataloging | spa |
| Transcribing agency | AR-UNSa-BCEJYS |
| 080 ## - UNIVERSAL DECIMAL CLASSIFICATION NUMBER | |
| Universal Decimal Classification number | 351.72 |
| Common auxiliary subdivision | Finanzas públicas. Legislación (Contabilidad Pública, Administración financiera...) |
| 100 1# - MAIN ENTRY--PERSONAL NAME | |
| Personal name | Torga, Pascual Alberto |
| 245 10 - TITLE STATEMENT | |
| Title | Lecturas de contabildad gubernamental |
| 264 #1 - PRODUCTION, PUBLICATION, DISTRIBUTION, MANUFACTURE, AND COPYRIGHT NOTICE | |
| Place of production, publication, distribution, manufacture | La Plata : |
| Name of producer, publisher, distributor, manufacturer | (EDULP) Editorial de la Universidad Nacional de la Plata |
| Date of production, publication, distribution, manufacture, or copyright notice | 2001 |
| 300 ## - PHYSICAL DESCRIPTION | |
| Extent | 413 p. |
| Dimensions | 21 cm. |
| 505 ## - FORMATTED CONTENTS NOTE | |
| Formatted contents note | 1. Conocimiento de la hacienda pública – 2. Sistema de información contable – 3. La contabilidad, su concepción general y su aplicación en la hacienda pública – 4. Modelo contable para la hacienda pública – 5. El sistema contable de la hacienda pública – 6. Análisis del sistema contable – 7. Sistema de información contable de la hacienda nacional – 8. Sistema de información contable de la hacienda nacional. Ejercicio práctico – 9. Sistema de información contable de la Prov. De Bs. As. Ejercicio práctico – 10. Sistema de información contable de los municipios de la Pcia. De Bs. As – 11. Sistema de información contable de los municipios de Bs. As. Ejercicio práctico – 12. Comparación de los sistemas contables vigentes en Nación, Provincia y Municipios de la provincia de Buenos Aires – 13. Ejercicio práctico para demostrar diferencias entre los tres sistemas |
| 590 ## - LOCAL NOTE (RLIN) | |
| Local note | niveau_biblio:m niveau_hierar:0 |
| 700 1# - ADDED ENTRY--PERSONAL NAME | |
| Personal name | Versino, Elsa Irene |
| 942 ## - ADDED ENTRY ELEMENTS (KOHA) | |
| Koha item type | |
| Withdrawn status | Lost status | Damaged status | Not for loan | Home library | Current library | Shelving location | Date acquired | Total checkouts | Full call number | Barcode | Date last seen | Price effective from | Koha item type |
|---|---|---|---|---|---|---|---|---|---|---|---|---|---|
| Biblioteca Prof. Eusebio Cleto del Rey | Biblioteca Prof. Eusebio Cleto del Rey | 07/04/2026 | 351.72 T682 | L128850 | 07/04/2026 | 07/04/2026 | Libro |